A history of Christian thought : (Record no. 8264)

MARC details
000 -LEADER
fixed length control field 00859nam a22002537a 4500
003 - CONTROL NUMBER IDENTIFIER
control field GBCCL
005 - DATE AND TIME OF LATEST TRANSACTION
control field 20241126110647.0
008 - FIXED-LENGTH DATA ELEMENTS--GENERAL INFORMATION
fixed length control field 190923b ||||| |||| 00| 0 eng d
020 ## - INTERNATIONAL STANDARD BOOK NUMBER
International Standard Book Number 0687171849
040 ## - CATALOGING SOURCE
Transcribing agency gbc
050 00 -
-- BT21.2
-- .G6 1987
082 00 - DEWEY DECIMAL CLASSIFICATION NUMBER
Classification number 230.09
Edition information 19
Item number GON
100 1# - MAIN ENTRY--PERSONAL NAME
Personal name González, Justo L.
9 (RLIN) 913
245 12 - TITLE STATEMENT
Title A history of Christian thought :
Remainder of title from the Protestant reformation to the twentieth century /
Statement of responsibility, etc. Justo L. González.
250 ## - EDITION STATEMENT
Edition statement Revised edition
260 ## - PUBLICATION, DISTRIBUTION, ETC.
Place of publication, distribution, etc. Nashville :
Name of publisher, distributor, etc. Abingdon Press,
Date of publication, distribution, etc. c1987.
300 ## - PHYSICAL DESCRIPTION
Extent v.3 , 496p. ;
Dimensions 23 cm.
504 ## - BIBLIOGRAPHY, ETC. NOTE
Bibliography, etc. note Includes bibliographies and indexes.
505 0# - FORMATTED CONTENTS NOTE
Formatted contents note v. 3. From the Protestant Reformation to the twentieth century.
650 #0 - SUBJECT ADDED ENTRY--TOPICAL TERM
Topical term or geographic name entry element Theology, Doctrinal
General subdivision History.
9 (RLIN) 1920
906 ## - LOCAL DATA ELEMENT F, LDF (RLIN)
a 7
b cbc
c orignew
d 2
e ncip
f 19
g y-gencatlg
942 ## - ADDED ENTRY ELEMENTS (KOHA)
Source of classification or shelving scheme Dewey Decimal Classification
Koha item type Books
Koha issues (borrowed), all copies 14
Holdings
Withdrawn status Lost status Source of classification or shelving scheme Damaged status Not for loan Home library Current Library Shelving location Date acquired Source of acquisition Cost, normal purchase price Total checkouts Total renewals Full call number Barcode Date last seen Date last checked out Copy number Cost, replacement price Price effective from Koha item type
    Dewey Decimal Classification     GRACE BIBLE COLLEGE GRACE BIBLE COLLEGE Theology 2019-10-24 1 1799.00 16 4 230.09 GON 013682 2026-01-30 2026-01-28 c.1 1799.00 2019-10-24 Books
© Grace Bible College Library 2025